Mesoscale modelling of processing rubber-toughened acrylic polymers (Record no. 62835)

MARC details
000 -LEADER
fixed length control field 00483nam a2200169Ia 4500
100 ## - MAIN ENTRY--AUTHOR NAME
Personal name Porfyrakis K
245 #0 - TITLE STATEMENT
Title Mesoscale modelling of processing rubber-toughened acrylic polymers
260 ## - PUBLICATION, DISTRIBUTION, ETC. (IMPRINT)
Name of publisher Plastics, Rubbers and Composites
Year of publication 2004
300 ## - PHYSICAL DESCRIPTION
Number of Pages 223-232
650 ## - SUBJECT ADDED ENTRY--TOPICAL TERM
Topical Term Elongation
650 ## - SUBJECT ADDED ENTRY--TOPICAL TERM
Topical Term Modelling
650 ## - SUBJECT ADDED ENTRY--TOPICAL TERM
Topical Term RTPMMA
650 ## - SUBJECT ADDED ENTRY--TOPICAL TERM
Topical Term Rubber-toughened poly(methyl methacrylate)
700 ## - ADDED ENTRY--PERSONAL NAME
Personal name Assender H E
942 ## - ADDED ENTRY ELEMENTS (KOHA)
Koha item type Journals
Holdings
Withdrawn status Lost status Damaged status Not for loan Home library Current library Shelving location Date acquired Serial Enumeration / chronology Koha item type
      Journals RRII Library RRII Library Rubber chemistry 17/12/2021 Volume 33, Issue 5 Journals